[Event "TCh-FRA Top 12 2021"]
[Site "Chalons en Champagne FRA"]
[Date "2021.06.24"]
[Round "1.1"]
[Board "1"]
[White "Sochacki, Christophe"]
[Black "Duboue, Peio"]
[Result "1-0"]
[WhiteTitle "IM"]
[BlackTitle "FM"]
[WhiteElo "2494"]
[BlackElo "2412"]
[WhiteTeam "US Villejuif Echecs"]
[BlackTeam "Echiquier de l'Erdre"]
[WhiteFideId "662569"]
[BlackFideId "654833"]
[EventDate "2021.06.24"]

1. e4 c6 2. Nf3 d5 3. Nc3 Bg4 4. d4 Nf6 5. Bd3 e6 6. O-O dxe4 7. Nxe4 Nxe4 8.
Bxe4 Nd7 9. h3 Bh5 10. c3 Nf6 11. Bd3 Bd6 12. Re1 O-O 13. Bg5 Qa5 14. Bxf6 gxf6
15. Be2 Kh8 16. Nd2 Bxe2 17. Qxe2 Rg8 18. Qf3 Rg6 19. Nc4 Qc7 20. Nxd6 Qxd6 21.
Re4 f5 22. Rf4 Rag8 23. g3 Qd5 24. Kg2 Qb5 25. b3 a5 26. Rd1 a4 27. c4 Qa6 28.
d5 axb3 29. axb3 Qa2 30. Qc3+ e5 31. Rd2 Qxd2 32. Qxd2 exf4 33. Qd4+ R6g7 34. d6
fxg3 35. Qf6 h5 36. d7 gxf2+ 37. Kxf2 Kh7 38. d8=Q Rg2+ 39. Kf3 R2g3+ 40. Kf4
Rxd8 41. Kxg3 Rd3+ 42. Kf4 Rxb3 43. Qxf7+ Kh6 44. h4 b5 45. c5 Rb4+ 46. Kxf5 Rg4
47. Qf6+ Kh7 48. Qxc6 b4 49. Qb7+ Kh6 50. Qb6+ Kh7 51. c6 Rxh4 52. c7 1-0

[Event "TCh-FRA Top 12 2021"]
[Site "Chalons en Champagne FRA"]
[Date "2021.06.24"]
[Round "1.1"]
[Board "2"]
[White "Eugene, Floryan"]
[Black "Dourerassou, Jonathan"]
[Result "0-1"]
[WhiteTitle "FM"]
[BlackTitle "GM"]
[WhiteElo "2343"]
[BlackElo "2477"]
[WhiteTeam "Echiquier de l'Erdre"]
[BlackTeam "US Villejuif Echecs"]
[WhiteFideId "20694784"]
[BlackFideId "628050"]
[EventDate "2021.06.24"]

1. e4 d5 2. exd5 Qxd5 3. Nc3 Qd8 4. Bc4 g6 5. Qf3 Nf6 6. Nge2 Nc6 7. d4 Bg7 8.
Be3 Bg4 9. Qg3 Nb4 10. O-O-O Bf5 11. Bb3 c6 12. h4 a5 13. a3 a4 14. Bc4 Nxc2 15.
Bg5 Nd5 16. h5 Nxc3 17. Nxc3 h6 18. hxg6 Bxg6 19. Bf4 Qa5 20. Bd3 Nxd4 21. Bxg6
Qxc3+ 22. Qxc3 Ne2+ 23. Kc2 Bxc3 24. Bxh6 Nd4+ 25. Kxc3 Nb5+ 26. Kb4 fxg6 27.
Bg5 Rxh1 28. Rxh1 O-O-O 29. Kxa4 Rd5 30. Be3 Nd6 31. Rh7 Kd7 32. Kb4 Rd3 33. g4
Ne4 34. Rg7 Rd6 35. f3 Nf6 36. Bc5 Re6 37. a4 Nd5+ 38. Kc4 Rf6 39. b4 Rf4+ 40.
Kd3 Rxf3+ 41. Ke2 Rf4 42. Rxg6 b6 43. Bg1 Rxb4 44. Rg8 Rxa4 45. g5 c5 46. Kf3
Ke6 47. g6 Ra3+ 48. Kf2 Ra4 49. Kf3 Rf4+ 50. Kg3 Rf5 51. Kh4 Nf6 52. Rb8 Rh5+
53. Kg3 Rg5+ 54. Kf2 Nd5 55. Rg8 Nf4 56. Bh2 Rxg6 0-1

[Event "TCh-FRA Top 12 2021"]
[Site "Chalons en Champagne FRA"]
[Date "2021.06.24"]
[Round "1.1"]
[Board "3"]
[White "Dutreuil, Raphael"]
[Black "De Pierrefeu, Thibaut"]
[Result "1-0"]
[WhiteTitle "FM"]
[WhiteElo "2309"]
[BlackElo "2205"]
[WhiteTeam "US Villejuif Echecs"]
[BlackTeam "Echiquier de l'Erdre"]
[WhiteFideId "20630999"]
[BlackFideId "2109093"]
[EventDate "2021.06.24"]

1. Nf3 Nf6 2. g3 e6 3. Bg2 d5 4. O-O Be7 5. c4 O-O 6. d4 dxc4 7. Qc2 b5 8. a4 b4
9. Qxc4 Ba6 10. Qc2 c5 11. dxc5 Nbd7 12. c6 Rc8 13. Rd1 b3 14. Qxb3 Nc5 15. Qc2
Qb6 16. Be3 Nd5 17. Rxd5 exd5 18. Nd4 Ne4 19. Bxe4 dxe4 20. Nc3 Rfd8 21. Ne6
Qxc6 22. Nxd8 Bxd8 23. Qxe4 Qxe4 24. Nxe4 Rb8 25. Bxa7 Rxb2 26. Rd1 Ba5 27. Rd5
Bc7 28. Rd7 Ba5 29. Bd4 Rb1+ 30. Kg2 Rb7 31. Rd5 Bc7 32. Nc5 Bc4 33. Rd7 Ra7 34.
Ne4 Rb7 35. Be5 Bxe5 36. Rd8# 1-0

[Event "TCh-FRA Top 12 2021"]
[Site "Chalons en Champagne FRA"]
[Date "2021.06.24"]
[Round "1.1"]
[Board "4"]
[White "Real, Thibault"]
[Black "Eden, James"]
[Result "1-0"]
[WhiteTitle "FM"]
[BlackTitle "IM"]
[WhiteElo "2267"]
[BlackElo "2294"]
[WhiteTeam "Echiquier de l'Erdre"]
[BlackTeam "US Villejuif Echecs"]
[WhiteFideId "205559"]
[BlackFideId "666491"]
[EventDate "2021.06.24"]

1. d4 Nf6 2. Nf3 d5 3. c4 c6 4. e3 g6 5. Nc3 Bg7 6. Be2 O-O 7. O-O e6 8. Qc2
Nbd7 9. b3 Re8 10. Bb2 b6 11. cxd5 exd5 12. Rfd1 Bb7 13. Rac1 Qe7 14. Ne1 h5 15.
Nd3 Bh6 16. b4 Ne4 17. b5 cxb5 18. Nxb5 Rac8 19. Qb3 Nxf2 20. Nxf2 Bxe3 21. Rc2
Rc6 22. Rf1 Qg5 23. Bf3 Rf6 24. Kh1 Qh4 25. g3 Qg5 26. Nh3 Qh6 27. Re2 h4 28. g4
Ba6 29. g5 Bxb5 30. Qxb5 Rxf3 31. gxh6 Rxf1+ 32. Kg2 Rf5 33. Qxd7 Re4 34. Nf2
h3+ 35. Kf1 Re6 36. Rxe3 Rxe3 37. Qd8+ 1-0

[Event "TCh-FRA Top 12 2021"]
[Site "Chalons en Champagne FRA"]
[Date "2021.06.24"]
[Round "1.1"]
[Board "5"]
[White "Caille, Hugo"]
[Black "Le Pen, Steven"]
[Result "1/2-1/2"]
[WhiteElo "2182"]
[BlackElo "2107"]
[WhiteTeam "US Villejuif Echecs"]
[BlackTeam "Echiquier de l'Erdre"]
[WhiteFideId "20681348"]
[BlackFideId "612197"]
[EventDate "2021.06.24"]

1. b3 c5 2. Bb2 Nc6 3. c4 e5 4. Nc3 g6 5. g3 Bg7 6. Bg2 Nge7 7. d3 d6 8. Nf3 O-O
9. O-O h6 10. Nd2 Be6 11. a3 Qd7 12. Nd5 Bh3 13. Bxh3 Qxh3 14. b4 Qd7 15. bxc5
dxc5 16. Nxe7+ Qxe7 17. Ne4 Rad8 18. Nc3 Qe6 19. Nd5 f5 20. Rb1 b6 21. e4 f4 22.
Bc3 f3 23. Kh1 h5 24. a4 Nd4 25. Bxd4 exd4 26. a5 Rb8 27. axb6 axb6 28. Rb2 Be5
29. Rg1 Rf7 30. Qb1 Bc7 31. Qc1 Kh7 32. Nxc7 Rxc7 33. Qf4 Qf7 34. Qxf7+ Rxf7 35.
Ra1 g5 36. Kg1 Kg6 37. Ra6 Rfb7 38. Kf1 Kf6 39. Ke1 Ke5 40. Kd2 Kd6 41. Kc2 Kc6
42. Rba2 g4 43. Ra8 h4 44. Rxb8 Rxb8 45. Ra7 hxg3 46. hxg3 Rh8 47. Rg7 Rh2 48.
Rxg4 Rxf2+ 49. Kd1 Rf1+ 50. Kd2 Rg1 51. Rf4 Rxg3 52. Ke1 f2+ 53. Ke2 Rg2 54.
Rxf2 Rxf2+ 55. Kxf2 b5 56. cxb5+ Kxb5 57. Ke2 1/2-1/2

[Event "TCh-FRA Top 12 2021"]
[Site "Chalons en Champagne FRA"]
[Date "2021.06.24"]
[Round "1.1"]
[Board "6"]
[White "Jaouen, Valentin"]
[Black "Maatoug, Redwan"]
[Result "1-0"]
[WhiteElo "2112"]
[BlackElo "2202"]
[WhiteTeam "Echiquier de l'Erdre"]
[BlackTeam "US Villejuif Echecs"]
[WhiteFideId "20631294"]
[BlackFideId "629162"]
[EventDate "2021.06.24"]

1. e4 c5 2. Nf3 Nc6 3. d4 cxd4 4. Nxd4 Nf6 5. Nc3 d6 6. Bc4 e6 7. Be3 Be7 8. Bb3
O-O 9. f4 Nxd4 10. Qxd4 Ng4 11. Bd2 e5 12. Qg1 exf4 13. O-O-O Ne3 14. Re1 a5 15.
g3 b5 16. gxf4 a4 17. Bxe3 axb3 18. Bd4 f6 19. cxb3 b4 20. Bb6 Qe8 21. Nd5 Rxa2
22. Kb1 Ra6 23. Nc7 Qc6 24. Nxa6 Bxa6 25. Qd4 Kh8 26. Rc1 Qb5 27. Rhd1 h6 28.
Bc7 Rc8 29. Qd5 Qe2 30. Bxd6 Bxd6 31. Rxc8+ Bxc8 32. Qxd6 Qxe4+ 33. Kc1 Bf5 34.
Kd2 Qc2+ 35. Ke1 Qxb3 36. Qd4 Kh7 37. Rd2 h5 38. Kf2 Qh3 39. Kg1 b3 40. Qf2 Qg4+
41. Qg3 Qxg3+ 42. hxg3 g5 43. Rd6 Kg6 44. fxg5 Kxg5 45. Rb6 Bc2 46. Kf2 f5 47.
Rb8 Kg4 48. Rg8+ Kh3 49. Kf3 Kh2 50. Kf2 Bd1 51. Rd8 Bc2 52. Rd4 Be4 53. Rb4 Kh3
54. Rxb3 h4 55. Re3 Kg4 56. gxh4 Kxh4 57. Rxe4+ 1-0

[Event "TCh-FRA Top 12 2021"]
[Site "Chalons en Champagne FRA"]
[Date "2021.06.24"]
[Round "1.1"]
[Board "7"]
[White "Cantin, Loic"]
[Black "Prodhomme, Boris"]
[Result "1-0"]
[WhiteElo "2182"]
[BlackElo "2031"]
[WhiteTeam "US Villejuif Echecs"]
[BlackTeam "Echiquier de l'Erdre"]
[WhiteFideId "679070"]
[BlackFideId "640034"]
[EventDate "2021.06.24"]

1. e4 c5 2. Nf3 d6 3. d4 cxd4 4. Nxd4 Nf6 5. Nc3 a6 6. h3 e6 7. g4 h6 8. Bg2 g5
9. h4 Rg8 10. hxg5 hxg5 11. b3 Nbd7 12. Bb2 Ne5 13. f3 b5 14. Qd2 Bb7 15. a4
bxa4 16. Nxa4 Qc7 17. c4 Nfd7 18. Rh7 Bc6 19. Nc3 Nc5 20. Kf1 Be7 21. Ba3 O-O-O
22. Qe3 Rh8 23. Rxh8 Rxh8 24. Bb4 Qb7 25. Ba5 Bf6 26. Nce2 Bd7 27. b4 Nxc4 28.
Qc3 Bb5 29. bxc5 dxc5 30. e5 cxd4 31. Nxd4 Bxe5 32. f4 Qb8 33. fxe5 Qxe5 34.
Nxb5 Qf4+ 35. Qf3 Ne3+ 36. Ke2 Qxf3+ 1-0

[Event "TCh-FRA Top 12 2021"]
[Site "Chalons en Champagne FRA"]
[Date "2021.06.24"]
[Round "1.1"]
[Board "8"]
[White "Ruhlmann, Helene"]
[Black "Afraoui, Solenn"]
[Result "1/2-1/2"]
[WhiteElo "1816"]
[BlackElo "1889"]
[WhiteTeam "Echiquier de l'Erdre"]
[BlackTeam "US Villejuif Echecs"]
[WhiteFideId "20643209"]
[BlackFideId "625167"]
[EventDate "2021.06.24"]

1. d4 Nf6 2. c4 e6 3. Nc3 Bb4 4. e3 b6 5. Ne2 Bb7 6. a3 Be7 7. d5 exd5 8. cxd5
a5 9. Ng3 O-O 10. Be2 Re8 11. e4 d6 12. O-O Bf8 13. Be3 Nbd7 14. f4 Nxe4 15.
Ncxe4 f5 16. Ng5 Rxe3 17. Nxf5 Rxe2 18. Qxe2 Bxd5 19. Rad1 Bb3 20. Rf3 Bf7 21.
Nxf7 Kxf7 22. Qc4+ Kf6 23. Re1 Nc5 24. Nd4 d5 25. Qc3 Kf7 26. b4 Ne4 27. Rxe4
dxe4 28. Qc4+ Ke8 29. Re3 axb4 30. Qc6+ Qd7 31. Qxa8+ Kf7 32. Qxe4 Bc5 33. Rd3
bxa3 34. Kh1 a2 35. Nb3 Qb5 36. Qf5+ Ke7 37. Qd5 Qxb3 38. Qxb3 a1=Q+ 39. Rd1 Qf6
40. Qd3 Bd6 41. Re1+ Kd7 42. Qe4 Qf7 43. Qxh7 b5 44. Qh3+ Kd8 45. Qf3 b4 46.
Qa8+ Kd7 47. Qa4+ Kd8 48. Qa8+ Kd7 49. Qa4+ Kd8 50. Qc6 Qg6 51. Qa8+ Kd7 52.
Qa4+ Kd8 53. Qa8+ Kd7 54. Qa4+ Kd8 55. Qa8+ 1/2-1/2

[Event "TCh-FRA Top 12 2021"]
[Site "Chalons en Champagne FRA"]
[Date "2021.06.24"]
[Round "1.2"]
[Board "1"]
[White "Van Foreest, Jorden"]
[Black "Alonso Rosell, Alvar"]
[Result "1/2-1/2"]
[WhiteTitle "GM"]
[BlackTitle "GM"]
[WhiteElo "2701"]
[BlackElo "2572"]
[WhiteTeam "Clichy Echecs 92"]
[BlackTeam "Club 608 Paris"]
[WhiteFideId "1039784"]
[BlackFideId "2270544"]
[EventDate "2021.06.24"]

1. e4 e5 2. Nf3 Nc6 3. Bb5 a6 4. Ba4 d6 5. O-O Bd7 6. c3 g6 7. d4 Bg7 8. Re1 Nf6
9. Bc2 O-O 10. h3 Re8 11. d5 Na5 12. b4 Nc4 13. Bb3 b5 14. Bxc4 bxc4 15. Nbd2 c6
16. Nxc4 cxd5 17. Nxd6 Ba4 18. Qxa4 Qxd6 19. Nd2 Qc7 20. Qb3 a5 21. a4 Rec8 22.
exd5 Qxc3 23. Qxc3 Rxc3 24. b5 Nxd5 25. Ne4 Rc4 26. g4 h6 27. Rd1 Nb6 28. Be3
Nxa4 29. Nd6 Rb4 30. Rdb1 Rxb1+ 31. Rxb1 Nc3 32. Rb3 Ne2+ 33. Kf1 Nd4 34. Rb1 a4
35. b6 Bf8 36. Nc4 a3 37. Bxd4 exd4 38. b7 Rb8 39. Ke2 a2 40. Ra1 Rxb7 41. Rxa2
Rb3 42. Ne5 Rxh3 43. Ra8 Kg7 44. Rd8 Be7 45. Rxd4 Bf6 46. Re4 Bxe5 47. Rxe5 h5
48. gxh5 Rxh5 49. Re7 Rh1 50. Kf3 Rg1 51. Ra7 g5 52. Ke3 Kg6 53. f4 Rg3+ 54. Kf2
gxf4 55. Ra5 Re3 56. Rb5 f6 57. Ra5 Re5 58. Ra8 Kg5 59. Kf3 Re3+ 60. Kf2 Rb3 61.
Rg8+ Kf5 62. Ra8 f3 63. Ra4 Rd3 64. Rb4 Ke5 65. Ra4 Rd4 66. Rxd4 Kxd4 67. Kxf3
Ke5 68. Ke3 f5 69. Kf3 f4 70. Kf2 Ke4 71. Ke2 f3+ 72. Kf2 Kf4 73. Kf1 Ke3 74.
Ke1 f2+ 75. Kf1 Kf3 1/2-1/2

[Event "TCh-FRA Top 12 2021"]
[Site "Chalons en Champagne FRA"]
[Date "2021.06.24"]
[Round "1.2"]
[Board "2"]
[White "Song, Julien"]
[Black "Hamdouchi, Hicham"]
[Result "1/2-1/2"]
[WhiteTitle "IM"]
[BlackTitle "GM"]
[WhiteElo "2328"]
[BlackElo "2561"]
[WhiteTeam "Club 608 Paris"]
[BlackTeam "Clichy Echecs 92"]
[WhiteFideId "659487"]
[BlackFideId "9000011"]
[EventDate "2021.06.24"]

1. d4 Nf6 2. c4 c6 3. Nc3 d5 4. cxd5 cxd5 5. Bf4 Nc6 6. e3 Bg4 7. Qb3 Na5 8.
Qa4+ Bd7 9. Qc2 Rc8 10. Bd3 e6 11. Nf3 b5 12. a3 Be7 13. O-O O-O 14. Ne5 Nc4 15.
Qe2 Qa5 16. Bg5 Be8 17. Rfc1 Rb8 18. h3 Qd8 19. b3 Nxe5 20. dxe5 Nd7 21. Bf4 Nc5
22. Bc2 a5 23. Qg4 Kh8 24. Ne2 b4 25. a4 Rc8 26. Nd4 f5 27. Qe2 Bd7 28. Bd3 1/2-1/2

[Event "TCh-FRA Top 12 2021"]
[Site "Chalons en Champagne FRA"]
[Date "2021.06.24"]
[Round "1.2"]
[Board "3"]
[White "Vocaturo, Daniele"]
[Black "Ramirez Garcia, Jorge Alberto"]
[Result "1-0"]
[WhiteTitle "GM"]
[BlackTitle "FM"]
[WhiteElo "2617"]
[BlackElo "2305"]
[WhiteTeam "Clichy Echecs 92"]
[BlackTeam "Club 608 Paris"]
[WhiteFideId "813192"]
[BlackFideId "5108101"]
[EventDate "2021.06.24"]

1. e4 e6 2. d4 d5 3. Nc3 Nf6 4. Bg5 dxe4 5. Nxe4 Be7 6. Bxf6 Bxf6 7. Nf3 Nd7 8.
Qd2 O-O 9. O-O-O Be7 10. Qf4 c5 11. dxc5 Qa5 12. Kb1 Nxc5 13. Nxc5 Qxc5 14. Bd3
Qb4 15. Qe3 f6 16. c3 Qc5 17. Qe4 g6 18. Bc4 Qxf2 19. Bxe6+ Bxe6 20. Qxe6+ Rf7
21. Ne5 fxe5 22. Rhf1 Qxf1 23. Rxf1 Rf8 24. Rxf7 Rxf7 25. Qxe5 a6 26. Qb8+ Bf8
27. b4 h5 28. c4 Kh7 29. c5 Bg7 30. Kc2 Re7 31. h3 Rf7 32. Qc8 Kh6 33. Kd3 Re7
34. a4 Rf7 35. Qe6 Rf6 36. Qd7 a5 37. Qxb7 axb4 38. c6 b3 39. c7 b2 40. c8=Q Rf1
41. Qxg7+ 1-0

[Event "TCh-FRA Top 12 2021"]
[Site "Chalons en Champagne FRA"]
[Date "2021.06.24"]
[Round "1.2"]
[Board "4"]
[White "Iglesias, Joachim"]
[Black "Tregubov, Pavel V."]
[Result "1/2-1/2"]
[WhiteTitle "FM"]
[BlackTitle "GM"]
[WhiteElo "2259"]
[BlackElo "2557"]
[WhiteTeam "Club 608 Paris"]
[BlackTeam "Clichy Echecs 92"]
[WhiteFideId "637823"]
[BlackFideId "4115341"]
[EventDate "2021.06.24"]

1. d4 Nf6 2. Nf3 c5 3. d5 b5 4. c3 Bb7 5. e4 Nxe4 6. Bxb5 e6 7. dxe6 fxe6 8.
Nbd2 Be7 9. Qe2 Nd6 10. Bd3 Nc6 11. h4 Qc7 12. Rh3 O-O-O 13. b4 Nf7 14. bxc5
Bxc5 15. Rb1 Na5 16. Nd4 Bb6 17. Ba6 Bxa6 18. Qxa6+ Qb7 19. Qe2 Qxg2 20. N2f3
Nd6 21. Rg3 Qh1+ 22. Rg1 Qh3 23. Rg3 Qh1+ 24. Rg1 Qh3 25. Rxb6 axb6 26. Rg3 Qh1+
27. Rg1 Qh3 28. Rg3 Qh1+ 29. Rg1 Qh3 30. Qd1 1/2-1/2

[Event "TCh-FRA Top 12 2021"]
[Site "Chalons en Champagne FRA"]
[Date "2021.06.24"]
[Round "1.2"]
[Board "5"]
[White "Libiszewski, Fabien"]
[Black "Solakian-Van Eyll, Jerome"]
[Result "1-0"]
[WhiteTitle "GM"]
[BlackTitle "CM"]
[WhiteElo "2510"]
[BlackElo "2285"]
[WhiteTeam "Clichy Echecs 92"]
[BlackTeam "Club 608 Paris"]
[WhiteFideId "616834"]
[BlackFideId "608050"]
[EventDate "2021.06.24"]

1. e4 e6 2. Nf3 d5 3. Nc3 Nf6 4. e5 Nfd7 5. Ne2 c5 6. c3 Nc6 7. d4 cxd4 8. cxd4
f6 9. Nf4 Bb4+ 10. Bd2 Qe7 11. Bb5 fxe5 12. dxe5 O-O 13. Nd3 Bxd2+ 14. Qxd2 Rxf3
15. gxf3 Nd4 16. Qa5 Nxf3+ 17. Kd1 Ndxe5 18. Nxe5 Nxe5 19. Rc1 Qf6 20. Qc3 a6
21. f4 Ng6 22. Qxf6 gxf6 23. Be8 Nxf4 24. Rg1+ Kf8 25. Rc7 e5 26. Bf7 Ng6 27.
Bxg6 hxg6 28. Rxg6 f5 29. h4 1-0

[Event "TCh-FRA Top 12 2021"]
[Site "Chalons en Champagne FRA"]
[Date "2021.06.24"]
[Round "1.2"]
[Board "6"]
[White "Mendeiros, Jerome"]
[Black "Harutyunyan, Ruben"]
[Result "1-0"]
[BlackTitle "FM"]
[WhiteElo "2134"]
[BlackElo "2401"]
[WhiteTeam "Club 608 Paris"]
[BlackTeam "Clichy Echecs 92"]
[WhiteFideId "607975"]
[BlackFideId "26042410"]
[EventDate "2021.06.24"]

1. e4 c5 2. Nf3 d6 3. Bb5+ Bd7 4. Bxd7+ Qxd7 5. c4 Nc6 6. d4 cxd4 7. Nxd4 Nf6 8.
Nc3 g6 9. b3 Bg7 10. Bb2 O-O 11. O-O a6 12. Nxc6 bxc6 13. Qe2 Nh5 14. Rad1 Nf4
15. Qf3 Ne6 16. Na4 Bxb2 17. Nxb2 Qb7 18. Qe3 Qa7 19. Qc3 Rfd8 20. Kh1 Nf4 21.
Nd3 Nxd3 22. Rxd3 Qc5 23. f3 a5 24. Rfd1 Rdb8 25. a4 Rb4 26. h3 Rab8 27. Qc2 Qb6
28. e5 dxe5 29. c5 Qa7 30. Rd7 R4b7 31. Rd8+ Rxd8 32. Rxd8+ Kg7 33. Qc3 f6 34.
Qc4 Rd7 35. Rg8+ Kh6 36. Qh4# 1-0

[Event "TCh-FRA Top 12 2021"]
[Site "Chalons en Champagne FRA"]
[Date "2021.06.24"]
[Round "1.2"]
[Board "7"]
[White "Mouhamad, Joachim"]
[Black "Auvray, Juliette"]
[Result "1-0"]
[WhiteTitle "FM"]
[WhiteElo "2239"]
[BlackElo "2010"]
[WhiteTeam "Clichy Echecs 92"]
[BlackTeam "Club 608 Paris"]
[WhiteFideId "656410"]
[BlackFideId "695904"]
[EventDate "2021.06.24"]

1. e4 c5 2. Nf3 d6 3. d4 cxd4 4. Nxd4 Nf6 5. Nc3 g6 6. Be3 Bg7 7. f3 a6 8. Qd2
h5 9. O-O-O b5 10. Kb1 Bb7 11. a3 Nbd7 12. Be2 Rc8 13. g3 Nc5 14. h3 Ba8 15. g4
Qc7 16. g5 Nfd7 17. Nd5 Bxd5 18. exd5 Nb6 19. Nb3 Nxb3 20. cxb3 O-O 21. Ka2 Qb7
22. f4 Rc7 23. Qd3 Rfc8 24. Rd2 Nxd5 25. Rf1 Nxe3 26. Qxe3 Rc5 27. f5 gxf5 28.
g6 Re5 29. gxf7+ Kxf7 30. Qg5 e6 31. Rg1 Kf8 32. Bxh5 Rec5 33. Rdg2 R5c7 34. h4
a5 35. Bd1 a4 36. h5 axb3+ 37. Bxb3 d5 38. h6 Be5 39. Qe3 1-0

[Event "TCh-FRA Top 12 2021"]
[Site "Chalons en Champagne FRA"]
[Date "2021.06.24"]
[Round "1.2"]
[Board "8"]
[White "Hirth, Julien"]
[Black "Afraoui, Anaelle"]
[Result "1-0"]
[BlackTitle "WFM"]
[WhiteElo "2048"]
[BlackElo "2085"]
[WhiteTeam "Club 608 Paris"]
[BlackTeam "Clichy Echecs 92"]
[WhiteFideId "636606"]
[BlackFideId "20654383"]
[EventDate "2021.06.24"]

1. e4 d6 2. d4 Nf6 3. Nc3 g6 4. Bg5 Bg7 5. Qd2 h6 6. Bf4 g5 7. Bg3 Nh5 8. O-O-O
Nc6 9. Qe3 e5 10. dxe5 Nxg3 11. hxg3 Nxe5 12. f4 Ng4 13. Qd2 Qf6 14. Nf3 Be6 15.
Bb5+ c6 16. e5 dxe5 17. Ne4 Qe7 18. f5 Bd5 19. Qxd5 O-O 20. Bxc6 bxc6 21. Qd6
Qxd6 22. Rxd6 f6 23. Rxc6 Ne3 24. Nd6 Rfd8 25. Re1 Nd5 26. Rd1 Nb4 27. Rc4 Nxa2+
28. Kb1 Bf8 29. Kxa2 Bxd6 30. Rc6 Be7 31. Re1 Rac8 32. Rxc8 Rxc8 33. c3 Rd8 34.
g4 Bc5 35. Re2 Rd3 36. Nd2 Bb6 37. Ne4 Kf7 38. Kb3 Ke7 39. Kc4 Rd1 40. Rd2 Re1
41. Kd5 Re3 42. b4 Bd8 43. c4 Rb3 44. b5 Ba5 45. Ra2 Bb6 46. Kc6 Re3 47. Nd6 Rc3
48. Nc8+ Kd8 49. Nxa7 Bxa7 50. Rxa7 Rxc4+ 51. Kd6 Rd4+ 52. Ke6 Rxg4 53. b6 Rc4
54. Ra8+ Rc8 55. b7 1-0

[Event "TCh-FRA Top 12 2021"]
[Site "Chalons en Champagne FRA"]
[Date "2021.06.24"]
[Round "1.3"]
[Board "1"]
[White "Barbot, Pierre1"]
[Black "Movsesian, Sergei"]
[Result "1-0"]
[WhiteTitle "IM"]
[BlackTitle "GM"]
[WhiteElo "2443"]
[BlackElo "2647"]
[WhiteTeam "Grasse Echecs"]
[BlackTeam "Asnieres Le Grand Echiquier"]
[WhiteFideId "663727"]
[BlackFideId "310204"]
[EventDate "2021.06.24"]

1. d4 Nf6 2. c4 g6 3. Nc3 Bg7 4. e4 d6 5. Nf3 O-O 6. h3 e5 7. d5 a5 8. Be3 Na6
9. g4 Nd7 10. a3 Nb6 11. Qc2 Nc5 12. O-O-O Bd7 13. Nd2 c6 14. Kb1 cxd5 15. Bxc5
dxc5 16. cxd5 a4 17. Bb5 Ra5 18. Bxd7 Qxd7 19. Qd3 Rc8 20. g5 c4 21. Qg3 Qd6 22.
h4 Nd7 23. Rc1 b5 24. Na2 Nc5 25. Nb4 Nb3 26. Rc2 Nd4 27. Qg4 Rf8 28. Rc3 f5 29.
Qd1 Raa8 30. h5 Qd7 31. Ka2 Rf7 32. Rch3 Rc8 33. R1h2 Kf8 34. hxg6 hxg6 35. Nb1
Ke7 36. Nc3 f4 37. Rh7 Kd6 38. Nc2 Kc5 39. f3 Bf8 40. Nxd4 Rxh7 41. Ndxb5 Kb6
42. Rxh7 Qxh7 43. Qxa4 Qd7 44. d6 Rc5 45. Qa8 Bxd6 46. Nxd6 Qxd6 47. Na4+ Kb5
48. Qb7+ 1-0

[Event "TCh-FRA Top 12 2021"]
[Site "Chalons en Champagne FRA"]
[Date "2021.06.24"]
[Round "1.3"]
[Board "2"]
[White "Moussard, Jules"]
[Black "Travadon, Loic"]
[Result "1-0"]
[WhiteTitle "GM"]
[BlackTitle "IM"]
[WhiteElo "2635"]
[BlackElo "2415"]
[WhiteTeam "Asnieres Le Grand Echiquier"]
[BlackTeam "Grasse Echecs"]
[WhiteFideId "642908"]
[BlackFideId "26092131"]
[EventDate "2021.06.24"]

1. e4 c5 2. Nf3 e6 3. d4 cxd4 4. Nxd4 Nc6 5. Nc3 Nf6 6. Ndb5 Bc5 7. Bf4 O-O 8.
Bc7 Qe7 9. Bd6 Bxd6 10. Qxd6 Qd8 11. O-O-O a6 12. Nd4 Ne7 13. g4 Ne8 14. Qg3 b5
15. Bd3 Bb7 16. h4 b4 17. Nce2 Qb6 18. g5 a5 19. Qe3 a4 20. Kb1 Kh8 21. h5 e5
22. Nf5 Qxe3 23. Nxe3 f5 24. Rh4 fxe4 25. Bxe4 d5 26. Nxd5 Bxd5 27. Bxd5 Rd8 28.
c4 Rxf2 29. Nc1 Nf5 30. Re4 a3 31. Nd3 Rh2 32. Rxe5 Ned6 33. c5 Nb5 34. Bc4 Nfd4
35. c6 Nc3+ 36. bxc3 bxc3 37. Rde1 Rb8+ 38. Bb5 Rg8 39. c7 c2+ 40. Ka1 Rd2 41.
Re8 Rd1+ 42. Nc1 Rxe1 43. Rxg8+ Kxg8 44. c8=Q+ Kf7 45. Qc4+ Ne6 46. Qxc2 1-0

[Event "TCh-FRA Top 12 2021"]
[Site "Chalons en Champagne FRA"]
[Date "2021.06.24"]
[Round "1.3"]
[Board "3"]
[White "Apicella, Manuel"]
[Black "Gozzoli, Yannick"]
[Result "1/2-1/2"]
[WhiteTitle "GM"]
[BlackTitle "GM"]
[WhiteElo "2506"]
[BlackElo "2600"]
[WhiteTeam "Grasse Echecs"]
[BlackTeam "Asnieres Le Grand Echiquier"]
[WhiteFideId "600164"]
[BlackFideId "616915"]
[EventDate "2021.06.24"]

1. e4 e5 2. Nf3 Nc6 3. Bb5 a6 4. Ba4 Nf6 5. O-O Be7 6. Re1 b5 7. Bb3 O-O 8. c3
d6 9. h3 Bb7 10. d3 Nb8 11. Nbd2 c5 12. d4 Nbd7 13. d5 c4 14. Bc2 Nc5 15. Nf1
Qc7 16. Ng3 Bc8 17. Bg5 Re8 18. Qd2 a5 19. Nh4 1/2-1/2

[Event "TCh-FRA Top 12 2021"]
[Site "Chalons en Champagne FRA"]
[Date "2021.06.24"]
[Round "1.3"]
[Board "4"]
[White "Cornette, Matthieu"]
[Black "Loiseau, Quentin"]
[Result "1/2-1/2"]
[WhiteTitle "GM"]
[BlackTitle "IM"]
[WhiteElo "2566"]
[BlackElo "2459"]
[WhiteTeam "Asnieres Le Grand Echiquier"]
[BlackTeam "Grasse Echecs"]
[WhiteFideId "620084"]
[BlackFideId "665274"]
[EventDate "2021.06.24"]

1. e4 e5 2. Nf3 Nf6 3. Nxe5 d6 4. Nf3 Nxe4 5. c4 d5 6. Nc3 Nxc3 7. dxc3 c6 8.
cxd5 Qxd5 9. Qxd5 cxd5 10. Bb5+ Bd7 11. Bxd7+ Nxd7 12. O-O Be7 13. Rd1 Nf6 14.
Bg5 O-O-O 15. Rd3 Rd6 16. Rad1 Rhd8 17. Nd4 h6 18. Bh4 Ng8 19. Bg3 R6d7 20. a4
Bf6 21. a5 Ne7 22. Nb3 Nc6 23. Nc5 Re7 24. a6 bxa6 25. Kf1 d4 26. cxd4 Rxd4 27.
Rc1 Rxd3 28. Nxd3 Kb7 29. Nc5+ Kb6 30. Bd6 Re8 31. Nd7+ Kb7 32. Nxf6 gxf6 33.
Rc3 Rd8 34. Bf4 h5 35. Rb3+ Kc8 36. Rc3 Kb7 37. Rb3+ Kc8 38. Rc3 1/2-1/2